header

Yield power and produce results (Record no. 122387)

MARC details
000 -LEADER
fixed length control field 01312nam a2200325Ia 4500
100 1# - MAIN ENTRY--AUTHOR NAME
Personal name Kaye, Beverly.
245 10 - TITLE STATEMENT
Title Yield power and produce results
260 ## - PUBLICATION, DISTRIBUTION, ETC. (IMPRINT)
Place of publication San Francisco, Calif. :
Name of publisher Berrett-Koehler Publishers,
Year of publication [2009], c2008.
300 ## - PHYSICAL DESCRIPTION
Number of Pages 8 p.
490 0# - SERIES STATEMENT
Series statement Fast fundamentals
Series statement BK Whitepaper series
500 ## - GENERAL NOTE
General note Excerpted from Love 'em or lose 'em Beverly Kaye and Sharon Jordan-Evans. 4th ed., 2008.
650 #0 - SUBJECT ADDED ENTRY--TOPICAL TERM
Topical Term Employee retention.
Topical Term Labor turnover.
700 1# - ADDED ENTRY--PERSONAL NAME
Personal name Jordan-Evans, Sharon,
856 40 - ELECTRONIC LOCATION AND ACCESS
Uniform Resource Identifier http://site.ebrary.com/lib/rucke/Doc?id=10516108

No items available.

© 2026 Rongo University
Contact us: librarian | system librarian | Rongo university